| 000 | 00694nam a22002297i 4500 | ||
|---|---|---|---|
| 003 | URS | ||
| 005 | 20220114153035.0 | ||
| 008 | 160530b xxu||||| |||| 00| 0 eng d | ||
| 020 | _a9712339092 | ||
| 040 |
_erda _cURSP-College Library _beng |
||
| 050 | _bD46r 2005 | ||
| 100 | 1 | _aDesiderio, Dante Gonzales | |
| 245 |
_aRizal: _bMga Piling Kuwento ng Pag-ibig at Pakikipagsapalaran _cDesiderio, Dante Gonzales |
||
| 264 | 1 |
_aManila _bRex Book Store _c2005. |
|
| 300 |
_aix, 199pages _c22cm |
||
| 336 |
_atext _btxt _2rdacontent |
||
| 337 |
_aunmediated _bn _2rdamedia |
||
| 338 |
_avolume _bnc _2rdacarrier |
||
| 650 | 0 | _aRizal, Jose Alonzo | |
| 700 | 1 | _aEstacio, Adelina Permato | |
| 942 |
_2lcc _cF |
||
| 999 |
_c8061 _d8061 |
||